| 000 | 01246nam a2200229Ia 4500 | ||
|---|---|---|---|
| 003 | Ost | ||
| 005 | 20260507074857.0 | ||
| 008 | 260507s9999||||xx |||||||||||||| ||und|| | ||
| 020 | _a9773790252 | ||
| 040 | _cfsecg | ||
| 041 | _aara | ||
| 082 | _a345 | ||
| 100 |
_aالسبحي، محمد عبد ربه محمد _eمؤلف |
||
| 245 | 0 |
_aالعقوبة المالية غير المقدرة / _c محمد عبد ربه محمد السبحي |
|
| 260 |
_aالاسكندرية: _bدار الفكر الجامعي, _c2007 |
||
| 300 |
_a148 صفحة؛ _bإيضاحات ؛ _c25 سم |
||
| 504 | _aبيبليوغرافيا: ص.139 | ||
| 520 | _aيضم تعريف العقوبة وأنواعها والفرق بين الجماية والجريمة وحكمة تشريع العقوبة، في تعريف التعزيز والفرق بينه وبين الحد وصفاته وطرق اثباته وصور المعاصي التي توجب التعزيز، في آراء الفقهاء في مسألة العقوبة المالية الغير مقدرة، مقارنة بين رأي الامام الغزالي من حجية المصلحة | ||
| 653 | _aالعقوبات | ||
| 653 | _aقانون العقوبات المالية | ||
| 942 | _cكتاب | ||
| 999 |
_c41621 _d41621 |
||